Normal view
MARC view
Entry Nombre personal
001 - NÚMERO DE CONTROL
- campo de control: 81610
003 - IDENTIFICADOR DEL NÚMERO DE CONTROL
- campo de control: DO-SdBNP
005 - FECHA Y HORA DE LA ÚLTIMA TRANSACCIÓN
- campo de control: 20220513124006.0
008 - DATOS DE LONGITUD FIJA
- campo de control de longitud fija: 220513|| aca||aabn | a|a d
040 ## - FUENTE DE LA CATALOGACIÓN
- Centro catalogador/agencia de origen: DO-SdBNP
- Centro/agencia transcriptor: DO-SdBNP
100 ## - ENCABEZAMIENTO-NOMBRE DE PERSONA
- Nombre de persona: Cedeño-Brea, Enmanuel,
- Título de la obra: El secreto profesional y las obligaciones de prevención del lavado de activos de los profesionales sujetos obligados no financieros
670 ## - FUENTE DE DATOS ENCONTRADOS
- Cita de la fuente: Work cat.: (DO-SdBNP)51482: Conflictos entre derechos constitucionales en la República Dominicana /, 2021.
